[Event "TUR Cup										"]
[Site "Antalya"]
[Date "2018.02.03"]
[Round "11"]
[White "Sahin, Handenur"]
[Black "Ancar, Furkan"]
[Result "1-0"]
[WhiteElo "1965"]
[BlackElo "1768"]
[PlyCount "54"]
[EventDate "2018.01.27"]
[EventType "swiss"]
[EventRounds "11"]
[EventCountry "TUR"]
[SourceTitle "CBM 182 Extra"]
[Source "ChessBase"]
[SourceDate "2018.02.23"]
[SourceVersion "1"]
[SourceVersionDate "2018.02.23"]
[SourceQuality "1"]

1. e4 c6 2. d4 d5 3. Nc3 dxe4 4. Nxe4 Bf5 5. Ng3 Bg6 6. Nf3 Nd7 7. h4 h6 8. h5 Bh7 9. Bd3 Bxd3 10. Qxd3 e6 11. Bf4 Ngf6 12. 0-0-0 Be7 13. Ne4 Nxe4 14. Qxe4 Nf6 15. Qe2 Qd5 16. Kb1 Qe4 17. Be3 0-0 18. Nd2 Qh7 19. g4 Nd5 20. Rdg1 Nb4 21. Nb3 Qe4 22. f3 Qd5 23. c4 Qd8 24. Qd2 c5 25. g5 hxg5 26. Bxg5 Kh8 27. Bxe7 Qxe7 1-0

[Event "Malatya Golden Apricot op 3rd"]
[Site "Malatya"]
[Date "2015.08.26"]
[Round "3"]
[White "Ozgen, Tolga"]
[Black "Ancar, Furkan"]
[Result "0-1"]
[WhiteElo "1691"]
[BlackElo "1485"]
[PlyCount "98"]
[EventDate "2015.08.25"]
[EventType "swiss"]
[EventRounds "9"]
[EventCountry "TUR"]
[SourceTitle "EXT 2016"]
[Source "ChessBase"]
[SourceDate "2015.10.08"]
[SourceVersion "1"]
[SourceVersionDate "2015.10.08"]
[SourceQuality "1"]

1. d4 d5 2. Nf3 Nf6 3. c4 e6 4. Nc3 Be7 5. e3 Nbd7 6. Bd3 c6 7. 0-0 0-0 8. b3 b6 9. Bb2 Bb7 10. Qe2 c5 11. Ne5 Nxe5 12. dxe5 Ne4 13. Bxe4 dxe4 14. Rad1 Qc8 15. Nb5 Bc6 16. Nd6 Bxd6 17. exd6 Qd7 18. Qg4 f6 19. h4 e5 20. Qxd7 Bxd7 21. f4 exf3 22. gxf3 Rfe8 23. Kf2 Kf7 24. Rd2 Rad8 25. f4 exf4 26. exf4 Re4 27. Kg3 Rde8 28. Rf3 h5 29. Rfd3 Re3+ 30. Kf2 Rxd3 31. Rxd3 Bg4 32. Re3 Rxe3 33. Kxe3 Ke6 34. d7 Kxd7 35. a3 Bd1 36. b4 Bb3 37. f5 Bxc4 38. bxc5 bxc5 39. Ke4 Kc6 40. Bc1 Bd5+ 41. Kd3 Ba2 42. Ke4 Bb1+ 43. Kf4 a6 44. Bd2 Kb5 45. Bc1 Ka4 46. Be3 c4 47. Bc5 c3 48. Ke3 Bxf5 49. Bf8 g5 0-1